000 00589nam a22001937a 4500
999 _c172264
_d172264
005 20200130151133.0
010 _aENG-127579
020 _a9788176472630
_c495.00
035 _aEN-111111
037 _bDBAD/PUB
082 _a260
100 _aGurdeep Singh
245 _aGuru Message /
_cby Gurdeep Singh
260 _aLudhiana
_bLahore Books
_c2019
270 _bLudhiana
_a2, Lajpat Rai Market, Near Society Cinema
_e141008
_mwww.lahorepublishers.com
300 _a408p.
_b23cm(hb)
500 _ainclude bibliographical references
942 _2ddc
_cEN
_h260
_mGUR